[Event "Valby K41 Spring-C"]
[Site "Valby"]
[Date "2009.03.24"]
[Round "2"]
[White "Hou, Mads"]
[Black "Krogh, Soren"]
[Result "1-0"]
[WhiteElo "1383"]
[BlackElo "1237"]
[PlyCount "109"]
[EventDate "2009.03.17"]
[EventType "swiss"]
[EventRounds "7"]
[EventCountry "DEN"]
[SourceTitle "EXT 2023"]
[Source "ChessBase"]
[SourceDate "2022.10.05"]
[SourceVersion "1"]
[SourceVersionDate "2022.10.05"]
[SourceQuality "1"]

1. e4 g6 2. f4 Bg7 3. Nc3 d6 4. Nf3 c6 5. Bc4 h5 6. 0-0 Nh6 7. d3 0-0 8. Bd2 Bg4 9. h3 Bd7 10. Qc1 b5 11. Bb3 a5 12. a4 Kh7 13. Ng5+ Kh8 14. f5 Qe8 15. fxg6 fxg6 16. Rxf8+ Qxf8 17. Be6 Be8 18. Qf1 Bd4+ 19. Kh1 Qg7 20. Qf3 Be5 21. Rf1 Bf6 22. e5 dxe5 23. Nce4 Nf5 24. Bxf5 Bxg5 25. Nxg5 gxf5 26. Qxf5 Nd7 27. Ne6 Qg6 28. Nc7 Qxf5 29. Rxf5 Bg6 30. Rg5 Rc8 31. Bxa5 Kh7 32. h4 bxa4 33. g3 Rb8 34. Bc3 e4 35. dxe4 Bxe4+ 36. Kg1 Bg6 37. Ne6 a3 38. bxa3 Ra8 39. Bb4 c5 40. Nxc5 Nxc5 41. Rxc5 Re8 42. Rc7 Be4 43. c3 Kg6 44. Rxe7 Rxe7 45. Bxe7 Kf5 46. Kf2 Kg4 47. Bd6 Bc6 48. Ke3 Kf5 49. Kd4 Ke6 50. Kc5 Ba4 51. Bf4 Kf5 52. Kd5 Bd7 53. Kc5 Kg6 54. c4 Kf5 55. Kd6 1-0

[Event "Valby K41 Aabent-ch 0809"]
[Site "Valby"]
[Date "2009.01.20"]
[Round "5"]
[White "Hou, Mads"]
[Black "Olesen, Poul Erik Norgaard"]
[Result "1-0"]
[WhiteElo "1477"]
[BlackElo "1304"]
[PlyCount "51"]
[EventDate "2008.11.11"]
[EventType "swiss"]
[EventRounds "9"]
[EventCountry "DEN"]
[SourceTitle "EXT 2023"]
[Source "ChessBase"]
[SourceDate "2022.10.05"]
[SourceVersion "1"]
[SourceVersionDate "2022.10.05"]
[SourceQuality "1"]

1. e4 e5 2. Nf3 Nc6 3. Bc4 Bc5 4. b4 Bxb4 5. c3 Be7 6. d4 exd4 7. cxd4 Bb4+ 8. Nbd2 Qe7 9. 0-0 d6 10. d5 Ne5 11. Qa4+ c6 12. Qxb4 Nxf3+ 13. Nxf3 Nf6 14. Bg5 Bg4 15. e5 dxe5 16. Qxe7+ Kxe7 17. Nxe5 cxd5 18. Bb3 Be6 19. f4 h6 20. Bh4 Kd6 21. f5 Kxe5 22. Bg3+ Kd4 23. fxe6 fxe6 24. Bd6 Rad8 25. Rad1+ Ke3 26. Rfe1# 1-0

[Event "Valby K41 Aabent-ch 0809"]
[Site "Valby"]
[Date "2008.12.02"]
[Round "3"]
[White "Hou, Mads"]
[Black "Hansen, Frank R"]
[Result "1-0"]
[WhiteElo "1477"]
[BlackElo "1567"]
[PlyCount "69"]
[EventDate "2008.11.11"]
[EventType "swiss"]
[EventRounds "9"]
[EventCountry "DEN"]
[SourceTitle "EXT 2023"]
[Source "ChessBase"]
[SourceDate "2022.10.05"]
[SourceVersion "1"]
[SourceVersionDate "2022.10.05"]
[SourceQuality "1"]

1. d4 d5 2. c4 c6 3. Nf3 Nf6 4. Nc3 Bf5 5. Qb3 Qc8 6. cxd5 cxd5 7. Bg5 e6 8. Rc1 Nc6 9. e3 Bb4 10. Bb5 Ba5 11. 0-0 Nd7 12. Ne2 f6 13. Bf4 Ndb8 14. Nh4 Bg4 15. f3 Bh5 16. g4 Bf7 17. Bd6 Bc7 18. Ba3 a6 19. Bd3 b5 20. Bc5 Nd7 21. Qc2 Qb7 22. Ba3 Rc8 23. Bc5 h5 24. Bg6 Rh6 25. Bxh5 Bxh5 26. gxh5 Nxc5 27. dxc5 Ne5 28. f4 Nc4 29. Rf3 Bb8 30. Nd4 Qf7 31. Qg2 Rxh5 32. Rg3 Nxe3 33. Rxe3 Bxf4 34. Rxe6+ Qxe6 35. Nxe6 1-0

[Event "Valby K41 Autumn-B"]
[Site "Valby"]
[Date "2008.09.16"]
[Round "2"]
[White "Hou, Mads"]
[Black "Hansen, Teddy"]
[Result "0-1"]
[WhiteElo "1531"]
[BlackElo "1645"]
[PlyCount "58"]
[EventDate "2008.09.09"]
[EventType "tourn"]
[EventRounds "7"]
[EventCountry "DEN"]
[SourceTitle "EXT 2023"]
[Source "ChessBase"]
[SourceDate "2022.10.05"]
[SourceVersion "1"]
[SourceVersionDate "2022.10.05"]
[SourceQuality "1"]

1. d4 Nf6 2. c4 g6 3. Nc3 Bg7 4. Nf3 0-0 5. Bg5 h6 6. Bh4 d6 7. e3 Nbd7 8. Bd3 c6 9. Qc2 e5 10. 0-0-0 a6 11. dxe5 dxe5 12. Ne4 g5 13. Bg3 Nxe4 14. Bxe4 Qa5 15. Kb1 Nb6 16. Nd2 Be6 17. h4 f5 18. hxg5 hxg5 19. Rh5 fxe4 20. Rxg5 Rf5 21. Nxe4 Qb4 22. Nf6+ Rxf6 23. Bxe5 Nxc4 24. Qh7+ Kxh7 25. Rh1+ Kg8 26. Bxf6 Kf7 27. Bxg7 Na3+ 28. Kc1 Qc4+ 29. Bc3 Rg8 0-1

[Event "Valby K41 Spring-B"]
[Site "Valby"]
[Date "2008.05.06"]
[Round "6"]
[White "Petersen, Jan Han Il Nam"]
[Black "Hou, Mads"]
[Result "0-1"]
[WhiteElo "1610"]
[BlackElo "1564"]
[PlyCount "58"]
[EventDate "2008.03.25"]
[EventType "swiss"]
[EventRounds "7"]
[EventCountry "DEN"]
[SourceTitle "EXT 2023"]
[Source "ChessBase"]
[SourceDate "2022.10.05"]
[SourceVersion "1"]
[SourceVersionDate "2022.10.05"]
[SourceQuality "1"]

1. e4 e5 2. Nf3 Nf6 3. d3 Nc6 4. c3 d5 5. Nbd2 dxe4 6. dxe4 Bc5 7. Be2 0-0 8. 0-0 Bg4 9. Qc2 Qe7 10. Re1 a5 11. a4 Rfd8 12. h3 Bh5 13. Nf1 Rd6 14. Ng3 Bg6 15. Bc4 Rad8 16. Bg5 h6 17. Nh4 Kh7 18. Nhf5 hxg5 19. Nxe7 Rd2 20. Qb3 Bxf2+ 21. Kh2 Nxe7 22. Rf1 Nxe4 23. Nxe4 Bxe4 24. Rxf2 Rxf2 25. Rg1 Rdd2 26. Qa3 Rxg2+ 27. Rxg2 Rxg2+ 28. Kh1 Nf5 29. Bd3 Ng3# 0-1

[Event "Valby K41 Spring-B"]
[Site "Valby"]
[Date "2008.04.01"]
[Round "2"]
[White "Hou, Mads"]
[Black "Abildgaard, Kenneth"]
[Result "1/2-1/2"]
[WhiteElo "1564"]
[BlackElo "1617"]
[PlyCount "136"]
[EventDate "2008.03.25"]
[EventType "swiss"]
[EventRounds "7"]
[EventCountry "DEN"]
[SourceTitle "EXT 2023"]
[Source "ChessBase"]
[SourceDate "2022.10.05"]
[SourceVersion "1"]
[SourceVersionDate "2022.10.05"]
[SourceQuality "1"]

1. e4 e6 2. d4 d5 3. Nd2 Nc6 4. Ngf3 Bd7 5. Bb5 Nge7 6. 0-0 Ng6 7. exd5 exd5 8. Nb3 a6 9. Re1+ Be7 10. Bxc6 Bxc6 11. Ne5 Nxe5 12. dxe5 Qd7 13. Nd4 0-0-0 14. Bf4 g5 15. Bg3 Rdg8 16. e6 fxe6 17. Rxe6 Bc5 18. Rxc6 bxc6 19. Be5 Bd6 20. Qe2 Kb7 21. Bxh8 Rxh8 22. Re1 Rf8 23. Ne6 Rf5 24. Qe3 h6 25. g4 Rf6 26. h3 Rf7 27. Nc5+ Bxc5 28. Qxc5 Rf6 29. Re7 Qd6 30. Qxd6 Rxd6 31. Kg2 Rf6 32. Kg3 c5 33. Re5 Kc6 34. Rf5 Re6 35. h4 gxh4+ 36. Kxh4 c4 37. f4 Kd6 38. g5 hxg5+ 39. fxg5 Re1 40. g6 Rh1+ 41. Kg5 Ke6 42. Rf2 Rg1+ 43. Kh6 Rh1+ 44. Kg7 Rg1 45. Rf6+ Ke7 46. Rxa6 Rg2 47. Ra7 Rxc2 48. Rxc7+ Kd6 49. Rb7 Kc6 50. Rb8 Kc7 51. Rb4 d4 52. Kf7 d3 53. g7 Rf2+ 54. Ke6 Rg2 55. Rxc4+ Kb6 56. Rd4 Rxg7 57. Rxd3 Rc7 58. Rb3+ Ka5 59. Kd5 Rc2 60. Kd4 Ka4 61. Kd3 Rc8 62. Rc3 Rd8+ 63. Kc2 Rh8 64. a3 Rh2+ 65. Kb1 Rh1+ 66. Ka2 Rh2 67. Rc4+ Kb5 68. Kb3 Rxb2+ 1/2-1/2

[Event "Valby K41 op 0708"]
[Site "Valby"]
[Date "2008.01.29"]
[Round "6"]
[White "Hou, Mads"]
[Black "Eiholt, Bjarne"]
[Result "1-0"]
[WhiteElo "1601"]
[BlackElo "1656"]
[PlyCount "196"]
[EventDate "2007.11.13"]
[EventType "swiss"]
[EventRounds "9"]
[EventCountry "DEN"]
[SourceTitle "EXT 2018"]
[Source "ChessBase"]
[SourceDate "2017.10.13"]
[SourceVersion "1"]
[SourceVersionDate "2017.10.13"]
[SourceQuality "1"]

1. d4 d5 2. c4 e6 3. Nc3 Nf6 4. Bg5 Be7 5. e3 0-0 6. c5 a5 7. Nf3 b6 8. cxb6 cxb6 9. Bd3 Nc6 10. a3 Bb7 11. Qc2 h6 12. Bf4 Rc8 13. Qe2 Nh5 14. Bg3 Nxg3 15. hxg3 e5 16. Bf5 Rb8 17. dxe5 Bc8 18. Bxc8 Rxc8 19. Rd1 Bc5 20. Rxd5 Qe8 21. 0-0 Ne7 22. Rd3 Rd8 23. Rxd8 Qxd8 24. Rd1 Qa8 25. Na4 Qc6 26. Nxc5 Qxc5 27. Qd3 Nc6 28. Qd6 Rd8 29. Qxd8+ Nxd8 30. Rxd8+ Kh7 31. Rd2 Qc1+ 32. Kh2 g5 33. g4 Qc8 34. Kg3 Qc1 35. Kh2 b5 36. Re2 Qc4 37. Nd4 Qd5 38. f4 gxf4 39. Nf5 Qxe5 40. Kh3 h5 41. e4 hxg4+ 42. Kxg4 b4 43. axb4 axb4 44. Kf3 b3 45. Rd2 Qc7 46. Nd4 Qc1 47. Nxb3 Qf1+ 48. Kg4 Qc4 49. Nd4 Qb4 50. Nf3 Qb8 51. e5 Qb4 52. Kf5 Kg7 53. Kg5 Qe4 54. Kg4 Qb4 55. Kf5 Qc4 56. Ng5 Qb4 57. Ne4 Qb6 58. Kxf4 Qh6+ 59. Kf3 Qh5+ 60. Kf4 Qh6+ 61. Kf3 Qh5+ 62. g4 Qxe5 63. Rg2 Qd5 64. Rd2 Qb3+ 65. Kf4 Qb8+ 66. Kg5 Qb5+ 67. Kf4 Qf1+ 68. Rf2 Qc1+ 69. Kf3 Qh1+ 70. Ke3 Qe1+ 71. Kf4 Qc1+ 72. Rd2 Qf1+ 73. Kg5 Qh1 74. Kf4 Qf1+ 75. Ke3 Qg1+ 76. Nf2 Qg3+ 77. Ke2 Qe5+ 78. Kd1 Qg3 79. Kc1 Qc7+ 80. Rc2 Qf4+ 81. Kb1 Qb4 82. Rc3 Qf4 83. Rc2 Qd4 84. b3 Qb4 85. Ka2 Qa5+ 86. Kb1 Qe1+ 87. Kb2 Qe5+ 88. Kc1 Qe1+ 89. Nd1 Qe5 90. Nc3 Qe1+ 91. Kb2 Qe5 92. Re2 Qf4 93. Re4 Qd2+ 94. Ka3 Qxc3 95. Rc4 Qa1+ 96. Kb4 Qe1+ 97. Kb5 Qe5+ 98. Ka4 Qe8+ 1-0

[Event "Valby K41 Spring-C"]
[Site "Valby"]
[Date "2007.05.08"]
[Round "6"]
[White "Hou, Mads"]
[Black "Joensen, Hjalmar"]
[Result "1/2-1/2"]
[WhiteElo "1474"]
[BlackElo "1516"]
[PlyCount "43"]
[EventDate "2007.03.13"]
[EventType "tourn"]
[EventRounds "7"]
[EventCountry "DEN"]
[SourceTitle "EXT 2023"]
[Source "ChessBase"]
[SourceDate "2022.10.05"]
[SourceVersion "1"]
[SourceVersionDate "2022.10.05"]
[SourceQuality "1"]

1. e4 c5 2. b4 b6 3. bxc5 bxc5 4. Nc3 Nc6 5. Rb1 d6 6. Bc4 Nf6 7. d3 e6 8. f4 Be7 9. Nf3 0-0 10. Bb5 Qc7 11. 0-0 Rb8 12. Bd2 Bd7 13. Bxc6 Bxc6 14. Qe2 Rxb1 15. Rxb1 Rb8 16. Qf1 h6 17. Qe1 Rb6 18. Kf1 Qb7 19. Rxb6 Qxb6 20. f5 Qb2 21. fxe6 fxe6 22. Qc1 1/2-1/2

[Event "Valby K41 Spring-C"]
[Site "Valby"]
[Date "2007.04.24"]
[Round "4"]
[White "Hou, Mads"]
[Black "Philipsen, William Horup"]
[Result "0-1"]
[WhiteElo "1474"]
[BlackElo "1579"]
[PlyCount "38"]
[EventDate "2007.03.13"]
[EventType "tourn"]
[EventRounds "7"]
[EventCountry "DEN"]
[SourceTitle "EXT 2023"]
[Source "ChessBase"]
[SourceDate "2022.10.05"]
[SourceVersion "1"]
[SourceVersionDate "2022.10.05"]
[SourceQuality "1"]

1. e4 Nf6 2. e5 Nd5 3. d4 d6 4. Nf3 Bg4 5. Bc4 e6 6. 0-0 Nd7 7. h3 Bh5 8. g4 Bg6 9. Nc3 Nb4 10. Bb3 dxe5 11. dxe5 Nc5 12. Qxd8+ Rxd8 13. Bg5 Be7 14. Bxe7 Kxe7 15. Rac1 Nxb3 16. cxb3 Nd3 17. Rcd1 Nxb2 18. Rxd8 Rxd8 19. Rb1 Bxb1 0-1

[Event "Valby K41 op 0607"]
[Site "Valby"]
[Date "2007.01.23"]
[Round "6"]
[White "Lichtenberg, Ivan"]
[Black "Hou, Mads"]
[Result "1-0"]
[WhiteElo "1258"]
[BlackElo "1537"]
[PlyCount "67"]
[EventDate "2006.11.14"]
[EventType "swiss"]
[EventRounds "9"]
[EventCountry "DEN"]
[SourceTitle "EXT 2018"]
[Source "ChessBase"]
[SourceDate "2017.10.13"]
[SourceVersion "1"]
[SourceVersionDate "2017.10.13"]
[SourceQuality "1"]

1. e4 f5 2. exf5 Nf6 3. d4 d5 4. Bd3 c5 5. dxc5 Nc6 6. a3 Qa5+ 7. Bd2 Qxc5 8. Nf3 e5 9. fxe6 Bxe6 10. 0-0 0-0-0 11. b4 Qd6 12. Nc3 d4 13. Nb5 Qd7 14. c3 a6 15. Nbxd4 Bd6 16. a4 Bxh2+ 17. Kxh2 Ng4+ 18. Kg1 Nxd4 19. cxd4 Rhf8 20. Rc1+ Kb8 21. b5 Qd6 22. g3 Ka8 23. bxa6 Bd5 24. axb7+ Bxb7 25. Ng5 Nxf2 26. Bf4 Rxf4 27. Rxf2 Rxf2 28. Ne4 Qxd4 29. Nxf2 Qe3 30. Kf1 Qxg3 31. Qe2 Bf3 32. Be4+ Bxe4 33. Qxe4+ Ka7 34. Qe7+ 1-0